• 首页
  • 本馆介绍
  • 公告通知
  • 最新文献
  • 馆藏检索
  • 电子资源
  • 读者导购
  • 参考咨询
  • 我的图书馆
  • 登录
  • 详细信息显示
  • 放入我的书架
  • 预约/预借图书
  • 作者相关作品
  • 分类相关作品
  • 丛书相关作品
  • 出版社相关作品

书目信息

  • 表格格式
  • 工作单格式
  • 卡片格式
题名:
点亮心灯
    
 
作者: 苏俊锋 主编
分册:  
出版信息: 南昌   江西高校出版社  2020.9
页数: 237页
开本: 24cm
丛书名:
单 册:
中图分类: G635.16-53
科图分类:
主题词: 中学--zhong xue--班主任工作--文集
电子资源:
ISBN: 978-7-5762-0258-8
000 01092nam0 2200229 450
001 2133113667
005 20211025190356.0
010    @a978-7-5762-0258-8@dCNY45.00
100    @a20200910d2020 em y0chiy0110 ea
101 0  @achi
102    @aCN@b360000
105    @ay z 000yy
106    @ar
200 1  @a点亮心灯@Adian liang xin deng@f苏俊锋主编
210    @a南昌@c江西高校出版社@d2020.9
215    @a237页@d24cm
330    @a本书是兰州市安宁区苏俊锋名班主任工作室的一部教育文集,全书分为教育故事、教育心得、班会案例、教研成果四个章节,分享了工作室成员在班主任工作中积累的经验与成果。“学校教育,以人为本”,承担这一重任的主要力量——班主任,是班级工作的组织者、班集体建设的指导者,也是学生健康的引领者、沟通家长和学校的桥梁。他们肩负着整合班级、学校和社会教育资源的责任,他们的工作既是一项自我心灵的修炼,又是一门科学、一门艺术,期待苏俊锋工作室团队成员们的探索经验,能给更多的读者带来启发。
606 0  @a中学@Azhong xue@x班主任工作@j文集
690    @aG635.16-53@v5
701  0 @a苏俊锋@Asu juan feng@4主编
801  0 @aCN@b百万庄@c20211025
905    @b1312340-43@dG635.16-53@e2550@f4
    
    点亮心灯/苏俊锋主编.-南昌:江西高校出版社,2020.9
    237页;24cm
    
    
    ISBN 978-7-5762-0258-8:CNY45.00
    本书是兰州市安宁区苏俊锋名班主任工作室的一部教育文集,全书分为教育故事、教育心得、班会案例、教研成果四个章节,分享了工作室成员在班主任工作中积累的经验与成果。“学校教育,以人为本”,承担这一重任的主要力量——班主任,是班级工作的组织者、班集体建设的指导者,也是学生健康的引领者、沟通家长和学校的桥梁。他们肩负着整合班级、学校和社会教育资源的责任,他们的工作既是一项自我心灵的修炼,又是一门科学、一门艺术,期待苏俊锋工作室团队成员们的探索经验,能给更多的读者带来启发。
●
相关链接 在E读中查询图书 在五车中查询图书 在当当中查询图书 在豆瓣中查询图书


正题名:点亮心灯     索取号:G635.16-53/2550         预约/预借

序号 登录号 条形码 馆藏地/架位号 状态 备注
1 1312340   213123403   第一样本阅览室/ [索取号:G635.16-53/2550] 在馆    
2 1312341   213123412   第四借阅区/ [索取号:G635.16-53/2550] 在馆    
3 1312342   213123421   第四借阅区/ [索取号:G635.16-53/2550] 在馆    
4 1312343   213123430   第四借阅区/ [索取号:G635.16-53/2550] 在馆    
唐山师范学院图书馆 欢迎您!
大连网信软件有限公司© 版权所有